Louisa May's battles : (Record no. 5460)

MARC details
000 -LEADER
fixed length control field 01550nam a22002897a 4500
001 - CONTROL NUMBER
control field 5460
003 - CONTROL NUMBER IDENTIFIER
control field FISKH
005 - DATE AND TIME OF LATEST TRANSACTION
control field 20241209152304.0
008 - FIXED-LENGTH DATA ELEMENTS--GENERAL INFORMATION
fixed length control field 241209b cb ||||| |||| 00| 0 eng d
020 ## - INTERNATIONAL STANDARD BOOK NUMBER
International Standard Book Number 9780545607353
040 ## - CATALOGING SOURCE
Original cataloging agency FISKH
Language of cataloging eng
Transcribing agency FISKH
Modifying agency FISKH
050 ## - LIBRARY OF CONGRESS CALL NUMBER
Classification number PS1018.K78
082 ## - DEWEY DECIMAL CLASSIFICATION NUMBER
Classification number 813.4
100 ## - MAIN ENTRY--PERSONAL NAME
Personal name Krull, Kathleen
245 ## - TITLE STATEMENT
Title Louisa May's battles :
Remainder of title how the Civil War led to little women /
Statement of responsibility, etc. by Kathleen Krull : illustrated by Carlyn Beccia
260 ## - PUBLICATION, DISTRIBUTION, ETC.
Place of publication, distribution, etc. New York :
Name of publisher, distributor, etc. Scholastic ;
Date of publication, distribution, etc. 2013.
300 ## - PHYSICAL DESCRIPTION
Extent 43 unnumbered pages :
Other physical details color illustrations, maps ;
Dimensions 29 cm .
505 ## - FORMATTED CONTENTS NOTE
Formatted contents note Z <br/>
520 ## - SUMMARY, ETC.
Summary, etc. "Louisa May Alcott is best known for penning Little Women, but few are aware of the experience that influenced her writing most-her time as a nurse during the Civil War. Caring for soldiers' wounds and writing letters home for them inspired a new realism in her work. When her own letters home were published as Hospital Sketches, she had her first success as a writer. The acclaim for her new writing style inspired her to use this approach in Little Women, which was one of the first novels to be set during the Civil War. It was the book that made her dreams come true, and a story she could never have written without the time she spent healing others in service of her country." - Amazon.
521 8# - TARGET AUDIENCE NOTE
Target audience note 1040 <br/>
Source Lexile <br/>
521 8# - TARGET AUDIENCE NOTE
Target audience note Z <br/>
Source Raz-Plus <br/>
650 ## - SUBJECT ADDED ENTRY--TOPICAL TERM
Topical term or geographic name entry element biography
Form subdivision Fiction
650 ## - SUBJECT ADDED ENTRY--TOPICAL TERM
Topical term or geographic name entry element Cilvil War
Form subdivision Fiction
700 ## - ADDED ENTRY--PERSONAL NAME
Personal name Beccia, Carlyn
Relator term illustraor
942 ## - ADDED ENTRY ELEMENTS (KOHA)
Source of classification or shelving scheme Dewey Decimal Classification
Koha item type Books
Suppress in OPAC No
Holdings
Withdrawn status Lost status Source of classification or shelving scheme Damaged status Not for loan Collection Home library Current library Shelving location Date acquired Total Checkouts Full call number Barcode Date last seen Price effective from Koha item type
    Dewey Decimal Classification     Fiction Footprints International School Library Network Toul Kork Campus Footprints International School Library Network Toul Kork Campus TTP Secondary Fiction Bookshelves 12/09/2024   KRU 813.4 PS1018.K78 FISSE02191 12/09/2024 12/09/2024 Books